000 00780nam a2200229Ii 4500
003 JO-AjNU
008 230605s9999||||xx |||||||||||||| ||und||
017 _a2012/8/3159
020 _a978-9957-33-311-9
040 _aJO-AjNU
_bara
_erda
_cJO-AjNU
041 _aara
050 1 4 _aG155 2013
100 3 _aتاليف حماد، عبد القادر إبراهيم، م.مشارك ناصر محمود عبد,
_eauthor
_950923
245 0 0 _aمدخل إلى جغرافية السياحة
250 _aط2
264 3 1 _aعمان: مؤسسة الوراق للنشر والتوزيع، 2013
300 _a254ص
336 _atext
_btxt
_2rdacontent
337 _aunmediated
_bn
_2rdamedia
338 _avolume
_bnc
_2rdacarrier
650 4 _a السياحة -جغرافية
_950924
999 _aA22462
_c26030
_d26030